Vrais noms des Stars de Kpop - Statistiques

Statistiques générales
  • Ce quiz a été pris 94 fois
  • Le résultat moyen est 8 sur 20
Statistiques - réponses
Hint Réponse % Correct
Kim Nam-joon RM
95%
Min Yoongi Suga
92%
Kim Tae-hyung V
92%
Jung Ho-seok J-hope
68%
Xu Minghao The8
67%
Choi Seungcheol S.coups
52%
Kwon Soon-young Hoshi
44%
Kunpimook Bhuwakul BamBam
43%
Lee Seok-min DK
41%
Aeri Uchinaga Giselle
40%
Lee Chan Dino
37%
Park Jin-young JYP
37%
Lee Ji-hoon Woozi
33%
Choi Han sol Vernon
29%
Kwon Ji-yong G-dragon
21%
Lee Ji-eun IU
21%
Bae Joo-hyun Irene
7%
Wang Ga-yi Jackson
7%
Park Jisaeng PSY
5%
Son Seung-wan Wendy
4%
Aucun quiz correspondant
Distribution des résultats
% des personnes avec chaque résultat
Percentile par nombre de réponses
Votre historique - résultats
Vous n’avez pas pris ce quiz